000 00977nam a22002897a 4500
001 BR0303301
003 BR-BrBNA
005 20230928101320.0
007 ta
008 230509b bl.||||| |||| 00| 0 por d
040 _aBR-BrBNA
_bpor
_cBiblioteca Nacional de Agricultura
041 _a(Por)
072 _aL73
_b5240
_b4150
090 _ 5240 BR0303301
100 1 _aSilva, M.X.
110 1 _aUniversidade Federal de Minas Gerais, Belo Horizonte (Brasil). Escola de Veterinária
_0Tese (Mestre em Medicina Veterinária)
245 1 _aSoroprevalência da língua azul em caprinos e sua associação com indicadores de tecnologia em propriedades no Ceará
260 3 _aBelo Horizonte, MG (Brasil):
_c2002.
300 _a83 p.
500 _aSummaries (Eng, Por); Bibliography p. 71-75; 17 tables; 11 illus.
650 _aCAPRINO
650 _aLÍNGUA AZUL
650 _aDOENÇA ANIMAL
650 _aCEARÁ
909 _a202309
_bLucia
_c55
_dLucia Elande
942 _cBK
999 _c65227
_d65227